01288nam a2200289 a 4500001000300000003000900003005001700012008004100029020001800070040002600088082003000114100002900144245010300173260006000276300003600336490001600372500007100388504007700459600004000536600005600576600003400632650006900666650008000735651004800815710006000863710007500923 DO-SdBNP20220117134104.0110202s2010 dr ac 001 0cspa d z9789945074123 aDO-SdBNPbspacBPMSU  a923.27293bC343d 20102221 aCassá, Roberto,d1948-10aDominicanos de pensamiento liberal :bEspaillat, Bonó, Deschamps (siglo XIX) /cRoberto Cassá. aSanto Domingo :bArchivo General de la Nación,c2010. a135 p. :bil., retrs. ;c23 cm.0 aJuvenil,v8 aIncluye datos biográficos del autor en la solapa de la cubierta. aIncluye referencias bibliográficas y notas al final del las páginas 14aBonó, Pedro Francisco,d1828-190614aEspaillat Quiñones, Ulises Francisco ,d1823-187814aDeschamps, Eugenioy1861-1919 4aPolíticoszRepública DominicanaxEnsayos, conferencias, etc. 4aLiberalismozRepública DominicanaySiglo XIXxEnsayos, conferencias, etc. 4aRepública DominicanaxHistoriay1844-19302 aArchivo General de la Nación (República Dominicana)2 aComisión Permanente de Efemérides Patrias (República Dominicana)